[Event "Bunratty Masters"]
[Site "Bunratty IRL"]
[Date "2011.02.26"]
[Round "2"]
[White "Moynihan, Kieran"]
[Black "Cafolla, Peter"]
[Result "1/2-1/2"]
[WhiteElo "2140"]
[BlackElo "2060"]
[Plycount "39"]
[WhiteFideId "2500663"]
[BlackFideId "2500884"]
[EventDate "2011.03.25"]
[Source "TWIC 856"]

1. d4 d5 2. c4 e6 3. Nc3 c5 4. cxd5 exd5 5. Nf3 Nc6 6. g3 Nf6 7. Bg2 Be7 8. O-O
O-O 9. Bg5 cxd4 10. Nxd4 h6 11. Be3 Bg4 12. h3 Be6 13. Qa4 Na5 14. Rad1 Rc8 15.
Bc1 Rc4 16. Qc2 Qc8 17. Nxe6 Qxe6 18. b3 Rcc8 19. Qd3 Rfd8 20. e3 1/2-1/2

[Event "Bunratty Masters"]
[Site "Bunratty IRL"]
[Date "2011.02.26"]
[Round "2"]
[White "Wilson, Alexandra"]
[Black "Wynarczyk, Raymond"]
[Result "0-1"]
[WhiteTitle "WFM"]
[WhiteElo "2037"]
[BlackElo "1963"]
[Plycount "118"]
[WhiteFideId "411000"]
[BlackFideId "415081"]
[EventDate "2011.03.25"]
[Source "TWIC 856"]

1. e4 c5 2. Nc3 e6 3. f4 d6 4. Bb5+ Bd7 5. Bxd7+ Qxd7 6. Nf3 Nc6 7. O-O Nf6 8.
d3 Be7 9. Ng5 h6 10. Nh3 Nd4 11. e5 Nd5 12. Nxd5 exd5 13. c3 Nc6 14. exd6 Qxd6
15. f5 O-O-O 16. d4 Bg5 17. Qg4 f6 18. Nf4 cxd4 19. Ne6 dxc3 20. bxc3 Rde8 21.
c4 Ne5 22. Qd4 Nxc4 23. Qxa7 Qb6+ 24. Qxb6 Nxb6 25. Bxg5 hxg5 26. Rac1+ Kb8 27.
Rb1 Nc4 28. Rb4 Re7 29. Rfb1 Rc8 30. Kf2 g6 31. g4 Ne5 32. Ke3 Nxg4+ 33. Kd4
gxf5 34. Nc5 Rxc5 35. Kxc5 Nxh2 36. Kxd5 f4 37. Kd6 Rc7 38. R1b2 Ng4 39. a4 Ne5
40. Rh2 f3 41. Rh8+ Rc8 42. Rh2 Rc6+ 43. Kd5 Rc7 44. Rh8+ Ka7 45. Rb5 Nc4 46.
Rf8 f2 47. Rxf6 Ne3+ 48. Kd4 f1=Q 49. Rxf1 Nxf1 50. Rxg5 Nd2 51. Ra5+ Kb6 52.
Rb5+ Ka6 53. Rd5 Nb3+ 54. Kd3 Rd7 55. Rxd7 Nc5+ 56. Kc4 Nxd7 57. Kb4 b6 58. Kb3
Ka5 59. Ka3 Nc5 0-1

[Event "Bunratty Masters"]
[Site "Bunratty IRL"]
[Date "2011.02.26"]
[Round "2"]
[White "Fehr, Jukka"]
[Black "Freeman, Gordon"]
[Result "1/2-1/2"]
[WhiteElo "2003"]
[BlackElo "2132"]
[Plycount "61"]
[WhiteFideId "4674693"]
[BlackFideId "2501309"]
[EventDate "2011.03.25"]
[Source "TWIC 856"]

1. d4 d5 2. Nf3 Nc6 3. c4 Bg4 4. cxd5 Bxf3 5. gxf3 Qxd5 6. e3 e6 7. Nc3 Qh5 8.
Bg2 O-O-O 9. O-O g5 10. Qa4 Bd6 11. h3 Nge7 12. b4 Rhg8 13. Ne4 Nd5 14. b5 Nb6
15. Qd1 Ne7 16. Nf6 Qh4 17. Nxg8 Rxg8 18. a4 h5 19. Ba3 Bxa3 20. Rxa3 Ned5 21.
Qe2 g4 22. fxg4 hxg4 23. hxg4 Nc4 24. Raa1 Nc3 25. Qf3 Nd2 26. Qxb7+ Kd8 27.
Qb8+ Ke7 28. Qxc7+ Kf6 29. Qf4+ Ke7 30. Qc7+ Kf6 31. Qf4+ 1/2-1/2

[Event "Bunratty Masters"]
[Site "Bunratty IRL"]
[Date "2011.02.26"]
[Round "2"]
[White "Fox, Anthony"]
[Black "Magee, Ronan"]
[Result "1-0"]
[WhiteElo "2115"]
[BlackElo "1892"]
[Plycount "55"]
[WhiteFideId "2500736"]
[BlackFideId "2503000"]
[EventDate "2011.03.25"]
[Source "TWIC 856"]

1. e4 c5 2. Nc3 d6 3. g3 Nc6 4. Bg2 g6 5. d3 Bg7 6. Be3 Nf6 7. h3 Rb8 8. Nge2 b5
9. Qd2 b4 10. Nd1 Ba6 11. O-O O-O 12. f4 Qc7 13. f5 Rbd8 14. Nf4 Ne5 15. g4 g5
16. Nd5 Nxd5 17. exd5 h6 18. Nf2 Bb7 19. c3 bxc3 20. bxc3 e6 21. f6 Bxf6 22. Ne4
Bg7 23. Nf6+ Kh8 24. Bxg5 hxg5 25. Qxg5 Bxf6 26. Rxf6 Ng6 27. Qh6+ Kg8 28. Be4 1-0

[Event "Bunratty Masters"]
[Site "Bunratty IRL"]
[Date "2011.02.26"]
[Round "3"]
[White "Short, Nigel D"]
[Black "Collins, Sam"]
[Result "1-0"]
[WhiteTitle "GM"]
[BlackTitle "IM"]
[WhiteElo "2658"]
[BlackElo "2436"]
[Plycount "136"]
[WhiteFideId "400025"]
[BlackFideId "2501198"]
[EventDate "2011.03.25"]
[Source "TWIC 856"]

1. e4 e5 2. Nf3 Nc6 3. Nc3 Nf6 4. Bb5 Bb4 5. O-O O-O 6. d3 d6 7. Ne2 Ne7 8. c3
Ba5 9. Ng3 c6 10. Ba4 Ng6 11. d4 h6 12. h3 Re8 13. Bc2 Be6 14. Re1 c5 15. d5 Bd7
16. a4 a6 17. Be3 b5 18. axb5 axb5 19. Qd2 b4 20. Rec1 Kh7 21. Bd3 bxc3 22. bxc3
Bc7 23. Rcb1 Rxa1 24. Rxa1 Qb8 25. Qc2 Qb7 26. Rb1 Qa7 27. Bb5 Bxb5 28. Rxb5 Rb8
29. Rxb8 Qxb8 30. Nf5 Bd8 31. g4 Ne7 32. Ng3 Qa7 33. Kg2 Qa3 34. Qb1 Bc7 35. Nd2
Qa6 36. g5 hxg5 37. Bxg5 Neg8 38. Nf3 g6 39. h4 Qc8 40. Qb5 Kg7 41. Qc6 Qd7 42.
Bxf6+ Nxf6 43. Qxd7 Nxd7 44. h5 Ba5 45. hxg6 fxg6 46. Ne2 Nb6 47. Nd2 Nd7 48.
Nc4 Bc7 49. Na3 Bd8 50. Nb5 Be7 51. Ng3 Nf6 52. Kf3 Kf7 53. Nf1 Ke8 54. Nc7+ Kd7
55. Ne6 Ke8 56. Ne3 Kf7 57. Ng4 Nh7 58. Ke2 Ke8 59. Kd3 Ng5 60. Nxg5 Bxg5 61.
Nh2 Kd7 62. Nf3 Bd8 63. Kc4 Kc7 64. Kb5 Bf6 65. Ka6 Bd8 66. c4 Bf6 67. Nd2 Bh4
68. f3 Be1 1-0

[Event "Bunratty Masters"]
[Site "Bunratty IRL"]
[Date "2011.02.26"]
[Round "3"]
[White "Williams, Simon K"]
[Black "Griffiths, Ryan Rhys"]
[Result "1/2-1/2"]
[WhiteTitle "GM"]
[WhiteElo "2513"]
[BlackElo "2245"]
[Plycount "93"]
[WhiteFideId "404454"]
[BlackFideId "2502054"]
[EventDate "2011.03.25"]
[Source "TWIC 856"]

1. e4 c5 2. Nc3 d6 3. f4 g6 4. Nf3 Bg7 5. Bb5+ Bd7 6. Bc4 Nc6 7. O-O e6 8. d3
Nge7 9. f5 exf5 10. Qe1 Ne5 11. exf5 Bxf5 12. Nxe5 dxe5 13. Ne4 O-O 14. Kh1 h6
15. Nxc5 Nc6 16. Qf2 Qc7 17. Nb3 Kh7 18. Be3 b6 19. a4 e4 20. a5 exd3 21. axb6
axb6 22. Bxb6 Qb7 23. cxd3 Ne5 24. Rxa8 Rxa8 25. Rd1 Rb8 26. Bd4 Nxc4 27. Nc5
Qd5 28. dxc4 Bxd4 29. Qxd4 Qxd4 30. Rxd4 Rxb2 31. h3 Rc2 32. g4 Be6 33. Nxe6
fxe6 34. Rd7+ Kg8 35. Rc7 e5 36. c5 e4 37. Kg1 e3 38. Kf1 g5 39. c6 Kf8 40. Rc8+
Ke7 41. c7 Kd6 42. Rh8 Rxc7 43. Rxh6+ Ke5 44. Ke2 Kf4 45. Rf6+ Kg3 46. Rf3+ Kh4
47. Rxe3 1/2-1/2

[Event "Bunratty Masters"]
[Site "Bunratty IRL"]
[Date "2011.02.26"]
[Round "3"]
[White "Heidenfeld, Mark"]
[Black "Jones, Gawain C B"]
[Result "0-1"]
[WhiteTitle "IM"]
[BlackTitle "GM"]
[WhiteElo "2379"]
[BlackElo "2593"]
[Plycount "96"]
[WhiteFideId "2500990"]
[BlackFideId "409561"]
[EventDate "2011.03.25"]
[Source "TWIC 856"]

1. e4 c5 2. Nf3 d6 3. d4 Nf6 4. Nc3 cxd4 5. Nxd4 g6 6. g3 Nc6 7. Bg2 Nxd4 8.
Qxd4 Bg7 9. O-O O-O 10. h3 Be6 11. Qb4 Qc8 12. e5 dxe5 13. Qxe7 Bxh3 14. Qxb7
Qf5 15. Qf3 Qe6 16. Bxh3 Qxh3 17. Nd5 Nxd5 18. Qxd5 Qf5 19. c4 Rad8 20. Qh1 e4
21. Rb1 Bd4 22. Qh6 Qg4 23. Qf4 Qe2 24. b3 Rfe8 25. Be3 Be5 26. Qxe4 Bxg3 27.
Qg2 Rxe3 28. fxg3 Qg4 29. Rf4 Qxg3 30. Qxg3 Rxg3+ 31. Kf2 Rh3 32. Kg2 Rc3 33.
Rb2 f5 34. Rf3 Rxf3 35. Kxf3 Kf7 36. Ke3 Kf6 37. b4 Ke5 38. c5 Rc8 39. Kd3 Kd5
40. Kc3 g5 41. Rd2+ Ke4 42. Rd4+ Ke5 43. Kc4 g4 44. Rd5+ Ke4 45. Rd7 g3 46. Re7+
Kf3 47. Rxa7 g2 48. Rg7 h5 0-1

[Event "Bunratty Masters"]
[Site "Bunratty IRL"]
[Date "2011.02.26"]
[Round "3"]
[White "Baburin, Alexander"]
[Black "Short, Philip"]
[Result "1-0"]
[WhiteTitle "GM"]
[BlackTitle "FM"]
[WhiteElo "2539"]
[BlackElo "2293"]
[Plycount "95"]
[WhiteFideId "2500914"]
[BlackFideId "2500086"]
[EventDate "2011.03.25"]
[Source "TWIC 856"]

1. d4 f5 2. g3 Nf6 3. Bg2 d6 4. Nf3 g6 5. O-O Bg7 6. b3 O-O 7. Bb2 c6 8. Nbd2
Na6 9. Re1 Nc7 10. c4 Bd7 11. e4 fxe4 12. Nxe4 Nxe4 13. Rxe4 Bf5 14. Re3 Bh6 15.
Re1 Qd7 16. d5 cxd5 17. cxd5 Rf7 18. Nd4 Bg7 19. Rc1 Nb5 20. Qd2 Nxd4 21. Bxd4
Bxd4 22. Qxd4 a5 23. Qb6 Ra6 24. Qd4 Ra8 25. a4 Rc8 26. Qb6 Bh3 27. Rxc8+ Qxc8
28. Bxh3 Qxh3 29. Qd8+ Kg7 30. Rxe7 Qf5 31. Rxf7+ Kxf7 32. Qc7+ Kg8 33. Qb8+ Kg7
34. Qxb7+ Kf6 35. h4 Qb1+ 36. Kh2 Qc2 37. Qb8 Ke5 38. Qa7 Qd2 39. Qe7+ Kxd5 40.
Kg2 Kc5 41. Qxh7 Qd5+ 42. Kh2 Qxb3 43. Qc7+ Kb4 44. Qxd6+ Kxa4 45. Qxg6 Qf3 46.
Qb6 Qh5 47. Kg2 Ka3 48. Qe3+ 1-0

[Event "Bunratty Masters"]
[Site "Bunratty IRL"]
[Date "2011.02.26"]
[Round "3"]
[White "Pein, Malcolm"]
[Black "O'Connor, Jonathan"]
[Result "1-0"]
[WhiteTitle "IM"]
[WhiteElo "2390"]
[BlackElo "2148"]
[Plycount "67"]
[WhiteFideId "400289"]
[BlackFideId "2501112"]
[EventDate "2011.03.25"]
[Source "TWIC 856"]

1. d4 e6 2. e4 d5 3. Nc3 Bb4 4. e5 c5 5. a3 Bxc3+ 6. bxc3 Qa5 7. Bd2 Qa4 8. Qb1
c4 9. Nh3 Ne7 10. Nf4 f6 11. exf6 gxf6 12. Be2 O-O 13. O-O Ng6 14. Bg4 Qc6 15.
Re1 Re8 16. Qd1 Nxf4 17. Bxf4 Na6 18. Qf3 Kh8 19. Re3 Rg8 20. h3 Bd7 21. Rae1
Rae8 22. Bh6 Rg6 23. Bh5 Reg8 24. Bxg6 Rxg6 25. Bf4 Nc7 26. Bxc7 Qxc7 27. Rxe6
Bxe6 28. Rxe6 Qd8 29. Qe3 Rg8 30. Re7 b6 31. g3 a5 32. Qe6 Rf8 33. Rd7 Qe8 34.
Qxd5 1-0

[Event "Bunratty Masters"]
[Site "Bunratty IRL"]
[Date "2011.02.26"]
[Round "3"]
[White "Clement"]
[Black "Hunt, Adam C"]
[Result "0-1"]
[WhiteTitle "FM"]
[BlackTitle "IM"]
[WhiteElo "2254"]
[BlackElo "2436"]
[Plycount "88"]
[WhiteFideId "1208926"]
[BlackFideId "403970"]
[EventDate "2011.03.25"]
[Source "TWIC 856"]

1. e4 c5 2. Nf3 d6 3. d4 cxd4 4. Nxd4 Nf6 5. Nc3 a6 6. Be3 e5 7. Nb3 Be6 8. f3
Be7 9. Qd2 O-O 10. O-O-O Nbd7 11. g4 b5 12. Kb1 b4 13. Nd5 Bxd5 14. exd5 Nb6 15.
Bxb6 Qxb6 16. h4 a5 17. Nc1 Rfc8 18. g5 Nh5 19. Bd3 a4 20. Rhg1 Nf4 21. Ne2 Nxd3
22. Qxd3 Ra5 23. f4 exf4 24. Nxf4 b3 25. Rg2 bxa2+ 26. Kxa2 Rb5 27. Qd4 Qb7 28.
c4 Rb3 29. Re1 Bf8 30. g6 hxg6 31. h5 a3 32. hxg6 Rxb2+ 33. Rxb2 axb2 34. gxf7+
Qxf7 35. Kb1 Be7 36. Nd3 Bf6 37. Qe4 Ra8 38. Qe6 Qxe6 39. dxe6 Ra1+ 40. Kc2 Rxe1
41. Nxe1 Kf8 42. Nd3 Ke7 43. c5 dxc5 44. Nxc5 Kd6 0-1

[Event "Bunratty Masters"]
[Site "Bunratty IRL"]
[Date "2011.02.26"]
[Round "3"]
[White "Fox, Anthony"]
[Black "Osborne, Sam"]
[Result "1/2-1/2"]
[WhiteElo "2115"]
[BlackElo "2045"]
[Plycount "28"]
[WhiteFideId "2500736"]
[BlackFideId "2501791"]
[EventDate "2011.03.25"]
[Source "TWIC 856"]

1. e4 c5 2. Nc3 d6 3. g3 g6 4. Bg2 Bg7 5. d3 Nc6 6. Be3 e6 7. Qd2 a6 8. Nge2
Nge7 9. Bh6 O-O 10. h4 Bxh6 11. Qxh6 Kh8 12. h5 Ng8 13. Qd2 g5 14. f4 f6 1/2-1/2

[Event "Bunratty Masters"]
[Site "Bunratty IRL"]
[Date "2011.02.26"]
[Round "3"]
[White "Doyle, Hugh"]
[Black "Fehr, Jukka"]
[Result "1-0"]
[WhiteElo "1916"]
[BlackElo "2003"]
[Plycount "49"]
[WhiteFideId "2500876"]
[BlackFideId "4674693"]
[EventDate "2011.03.25"]
[Source "TWIC 856"]

1. c4 e5 2. g3 f5 3. Nc3 Nf6 4. Bg2 Be7 5. d3 d6 6. e4 c6 7. Nge2 O-O 8. O-O Kh8
9. exf5 Bxf5 10. d4 Nbd7 11. h3 Qe8 12. g4 Be6 13. b3 d5 14. dxe5 Nxg4 15. Nd4
Nxf2 16. Rxf2 Rxf2 17. Kxf2 Bc5 18. cxd5 Qg6 19. dxe6 Rf8+ 20. Kg1 Nxe5 21. Be3
Qg3 22. Qe1 Qg6 23. Kh1 Nd3 24. Qh4 Bd6 25. Be4 1-0

[Event "Bunratty Masters"]
[Site "Bunratty IRL"]
[Date "2011.02.26"]
[Round "3"]
[White "Duffy, Seamus"]
[Black "Wilson, Alexandra"]
[Result "1/2-1/2"]
[BlackTitle "WFM"]
[WhiteElo "2022"]
[BlackElo "2037"]
[Plycount "49"]
[WhiteFideId "2501708"]
[BlackFideId "411000"]
[EventDate "2011.03.25"]
[Source "TWIC 856"]

1. b3 d5 2. Bb2 c5 3. e3 Nc6 4. f4 Nf6 5. Nf3 e6 6. Bb5 Bd7 7. O-O Be7 8. Bxc6
Bxc6 9. Ne5 d4 10. Nxc6 bxc6 11. Qf3 Qd7 12. e4 a5 13. a4 Qb7 14. Na3 Nd7 15.
Qg3 O-O 16. Rae1 Kh8 17. d3 Nb6 18. Bc1 f5 19. Qh3 Qd7 20. Bd2 Rf6 21. Re2 Rh6
22. Qg3 Bh4 23. Qf3 fxe4 24. dxe4 Be7 25. f5 1/2-1/2

[Event "Bunratty Masters"]
[Site "Bunratty IRL"]
[Date "2011.02.26"]
[Round "3"]
[White "Maroroa, Sue"]
[Black "Magee, Ronan"]
[Result "1-0"]
[WhiteTitle "WIM"]
[WhiteElo "2019"]
[BlackElo "1892"]
[Plycount "45"]
[WhiteFideId "4301498"]
[BlackFideId "2503000"]
[EventDate "2011.03.25"]
[Source "TWIC 856"]

1. e4 c5 2. Nc3 d6 3. f4 g6 4. Nf3 Bg7 5. Bb5+ Bd7 6. Bc4 Nc6 7. a3 Nf6 8. d3 a6
9. Ba2 O-O 10. O-O b5 11. Qe1 b4 12. axb4 cxb4 13. Nd1 Ng4 14. f5 Nd4 15. Nxd4
Bxd4+ 16. Kh1 e6 17. h3 Nf6 18. c3 bxc3 19. bxc3 Bb6 20. Bg5 exf5 21. Qh4 Kg7
22. exf5 Bxf5 23. Rxf5 1-0

[Event "Bunratty Masters"]
[Site "Bunratty IRL"]
[Date "2011.02.26"]
[Round "4"]
[White "Kosten, Anthony C."]
[Black "Pein, Malcolm"]
[Result "1/2-1/2"]
[WhiteTitle "GM"]
[BlackTitle "IM"]
[WhiteElo "2498"]
[BlackElo "2390"]
[Plycount "31"]
[WhiteFideId "400114"]
[BlackFideId "400289"]
[EventDate "2011.03.25"]
[Source "TWIC 856"]

1. c4 e6 2. Nf3 Nf6 3. g3 b6 4. Bg2 Bb7 5. O-O Be7 6. b3 O-O 7. Bb2 c5 8. Nc3 d5
9. cxd5 Nxd5 10. Nxd5 Bxd5 11. Qc2 Bf6 12. Rac1 Nd7 13. Rfd1 Rc8 14. Bxf6 Nxf6
15. Qb2 Qe7 16. d3 1/2-1/2

[Event "Bunratty Masters"]
[Site "Bunratty IRL"]
[Date "2011.02.26"]
[Round "4"]
[White "Collins, Sam"]
[Black "Williams, Simon K"]
[Result "1-0"]
[WhiteTitle "IM"]
[BlackTitle "GM"]
[WhiteElo "2436"]
[BlackElo "2513"]
[Plycount "103"]
[WhiteFideId "2501198"]
[BlackFideId "404454"]
[EventDate "2011.03.25"]
[Source "TWIC 856"]

1. e4 c5 2. c3 e6 3. d4 d5 4. exd5 exd5 5. Nf3 Nc6 6. Bb5 Bd6 7. dxc5 Bxc5 8.
O-O Ne7 9. Nbd2 O-O 10. Nb3 Bb6 11. Bg5 f6 12. Bf4 Ng6 13. Be3 Bxe3 14. fxe3 Bf5
15. Nfd4 Be4 16. Bxc6 bxc6 17. Nc5 Qe7 18. Nxe4 Qxe4 19. Nxc6 Rac8 20. Nd4 Qxe3+
21. Kh1 Rce8 22. Qf3 Qxf3 23. Rxf3 Re4 24. a4 Rfe8 25. a5 Ne5 26. Rff1 Nd3 27.
Nb5 R8e7 28. b4 Nb2 29. h3 Nc4 30. Nd4 h5 31. b5 h4 32. Rfb1 Rc7 33. Nc6 Re8 34.
Nb4 Rd7 35. Rd1 Ne3 36. Re1 f5 37. a6 f4 38. Nc6 Rc7 39. Ra4 g5 40. c4 dxc4 41.
Rxc4 Rd7 42. Rc5 Rg7 43. Nd4 Ree7 44. Rc8+ Kh7 45. Nc6 Rd7 46. b6 axb6 47. Ra1
Rd2 48. a7 Rgd7 49. a8=Q Rd1+ 50. Kh2 Nf1+ 51. Kg1 Ng3+ 52. Kf2 1-0

[Event "Bunratty Masters"]
[Site "Bunratty IRL"]
[Date "2011.02.26"]
[Round "4"]
[White "Hunt, Adam C"]
[Black "Baburin, Alexander"]
[Result "1/2-1/2"]
[WhiteTitle "IM"]
[BlackTitle "GM"]
[WhiteElo "2436"]
[BlackElo "2539"]
[Plycount "72"]
[WhiteFideId "403970"]
[BlackFideId "2500914"]
[EventDate "2011.03.25"]
[Source "TWIC 856"]

1. e4 Nf6 2. e5 Nd5 3. d4 d6 4. c4 Nb6 5. f4 Bf5 6. Nc3 e6 7. Be3 dxe5 8. fxe5
Bb4 9. Nf3 c5 10. a3 cxd4 11. Qxd4 Qxd4 12. Bxd4 Bxc3+ 13. Bxc3 Na4 14. Rc1 Nc6
15. Be2 O-O-O 16. O-O Bg4 17. Rfe1 h6 18. b3 Nc5 19. b4 Bxf3 20. gxf3 Nd3 21.
Bxd3 Rxd3 22. Kf2 Rhd8 23. Ke2 a6 24. a4 R8d7 25. Red1 Nd4+ 26. Bxd4 R3xd4 27.
Rxd4 Rxd4 28. Ke3 Rh4 29. Rc2 g5 30. a5 Kc7 31. Kd3 Kc6 32. Ke3 Rf4 33. Rc1 Rf5
34. Ke4 Rf4+ 35. Ke3 Rf5 36. Ke4 Rf4+ 1/2-1/2

[Event "Bunratty Masters"]
[Site "Bunratty IRL"]
[Date "2011.02.26"]
[Round "4"]
[White "Osborne, Sam"]
[Black "Cooper, Lawrence H"]
[Result "1/2-1/2"]
[BlackTitle "IM"]
[WhiteElo "2045"]
[BlackElo "2316"]
[Plycount "64"]
[WhiteFideId "2501791"]
[BlackFideId "401536"]
[EventDate "2011.03.25"]
[Source "TWIC 856"]

1. e4 d5 2. exd5 Nf6 3. d4 Nxd5 4. c4 Nb6 5. Nc3 g6 6. Be3 Bg7 7. Be2 O-O 8. Nf3
Bg4 9. h3 Bxf3 10. Bxf3 Nc6 11. Bxc6 bxc6 12. b3 c5 13. Ne2 cxd4 14. Bxd4 e5 15.
Bc3 Qe7 16. O-O f5 17. Qc2 Nd7 18. Rad1 Rfd8 19. Rfe1 Nf6 20. Bb2 Ne4 21. Nc3
Nxc3 22. Bxc3 e4 23. Bxg7 Qxg7 24. Rd2 c5 25. Red1 Rd4 26. b4 Rad8 27. bxc5 Rxd2
28. Rxd2 Qa1+ 29. Kh2 Qe5+ 30. Kg1 Qa1+ 31. Kh2 Qe5+ 32. Kg1 Qa1+ 1/2-1/2

[Event "Bunratty Masters"]
[Site "Bunratty IRL"]
[Date "2011.02.26"]
[Round "4"]
[White "Freeman, Gordon"]
[Black "Clement"]
[Result "1/2-1/2"]
[BlackTitle "FM"]
[WhiteElo "2132"]
[BlackElo "2254"]
[Plycount "94"]
[WhiteFideId "2501309"]
[BlackFideId "1208926"]
[EventDate "2011.03.25"]
[Source "TWIC 856"]

1. d4 Nf6 2. c4 g6 3. Nf3 Bg7 4. Nc3 d5 5. g3 O-O 6. Bg2 dxc4 7. O-O c6 8. Ne5
Be6 9. e4 Qc8 10. Qe2 Nbd7 11. Nxc4 Nb6 12. Nxb6 axb6 13. d5 Bh3 14. Be3 Bxg2
15. Kxg2 b5 16. a3 Rd8 17. Rac1 Qd7 18. Rfd1 Qe8 19. Rd2 e6 20. Bg5 e5 21. Rcd1
h6 22. Be3 Rac8 23. Bb6 Rd7 24. Rd3 Qe7 25. R1d2 Kh7 26. Qd1 cxd5 27. Nxd5 Nxd5
28. Rxd5 Rxd5 29. Rxd5 b4 30. Rd7 Qe6 31. Rxb7 Rc6 32. Be3 Rd6 33. Qc2 Rc6 34.
Qd2 bxa3 35. bxa3 Rd6 36. Qb4 Rd7 37. Rxd7 Qxd7 38. a4 Qc6 39. a5 f5 40. f3 h5
41. Qc5 Qa4 42. exf5 gxf5 43. Bf2 Qa2 44. f4 Qe2 45. fxe5 Qe4+ 46. Kf1 Qb1+ 47.
Ke2 Qb2+ 1/2-1/2

[Event "Bunratty Masters"]
[Site "Bunratty IRL"]
[Date "2011.02.26"]
[Round "4"]
[White "Griffiths, Ryan Rhys"]
[Black "Fitzsimons, David"]
[Result "1/2-1/2"]
[WhiteElo "2245"]
[BlackElo "2240"]
[Plycount "69"]
[WhiteFideId "2502054"]
[BlackFideId "2501961"]
[EventDate "2011.03.25"]
[Source "TWIC 856"]

1. c4 Nf6 2. g3 e5 3. Bg2 c6 4. d4 exd4 5. Qxd4 Na6 6. Nf3 Bc5 7. Qe5+ Be7 8.
O-O O-O 9. Nc3 Re8 10. Qd4 Nc5 11. Rd1 a5 12. e4 d6 13. h3 a4 14. Rb1 h6 15. Re1
Qc7 16. Be3 Be6 17. Rbd1 Nfd7 18. Bf4 Rad8 19. Bf1 Qb6 20. Rb1 Bf6 21. Qd1 Ne5
22. Bxe5 Bxe5 23. Nxa4 Nxa4 24. Nxe5 Nxb2 25. Nd3 Nxd1 26. Rxb6 Nc3 27. Rxb7
Nxa2 28. c5 Bc4 29. Nb4 Bxf1 30. Kxf1 Nxb4 31. Rxb4 dxc5 32. Rc4 Rd4 33. Rxc5
Rdxe4 34. Rxe4 Rxe4 35. Rxc6 1/2-1/2

[Event "Bunratty Masters"]
[Site "Bunratty IRL"]
[Date "2011.02.26"]
[Round "4"]
[White "Wynarczyk, Raymond"]
[Black "Cafolla, Peter"]
[Result "0-1"]
[WhiteElo "1963"]
[BlackElo "2060"]
[Plycount "34"]
[WhiteFideId "415081"]
[BlackFideId "2500884"]
[EventDate "2011.03.25"]
[Source "TWIC 856"]

1. e4 e5 2. Nf3 Nc6 3. d4 exd4 4. Nxd4 Bc5 5. Be3 Qf6 6. c3 Nge7 7. Bc4 Ne5 8.
Be2 d5 9. O-O h5 10. Bxh5 Qh4 11. Nb5 Bg4 12. Bg5 Qxh5 13. Nxc7+ Kf8 14. Bxe7+
Bxe7 15. f3 Bc5+ 16. Rf2 Qxh2+ 17. Kf1 Qg3 0-1

[Event "Bunratty Masters"]
[Site "Bunratty IRL"]
[Date "2011.02.26"]
[Round "4"]
[White "Duffy, Seamus"]
[Black "Maroroa, Sue"]
[Result "1/2-1/2"]
[BlackTitle "WIM"]
[WhiteElo "2022"]
[BlackElo "2019"]
[Plycount "32"]
[WhiteFideId "2501708"]
[BlackFideId "4301498"]
[EventDate "2011.03.25"]
[Source "TWIC 856"]

1. b3 Nf6 2. Bb2 d5 3. e3 c6 4. f4 Bg4 5. Be2 Bxe2 6. Qxe2 Nbd7 7. Nf3 e6 8. O-O
Qc7 9. Ne5 h5 10. d4 Ne4 11. Nd2 Ndf6 12. Ndf3 Bd6 13. c4 Ng4 14. Nd2 Ngf6 15.
Ndf3 Ng4 16. Nd2 Ngf6 1/2-1/2

[Event "Bunratty Masters"]
[Site "Bunratty IRL"]
[Date "2011.02.26"]
[Round "4"]
[White "Porter, Liam"]
[Black "Fehr, Jukka"]
[Result "1/2-1/2"]
[WhiteElo "1983"]
[BlackElo "2003"]
[Plycount "52"]
[WhiteFideId "2502992"]
[BlackFideId "4674693"]
[EventDate "2011.03.25"]
[Source "TWIC 856"]

1. e4 e6 2. f4 d5 3. e5 c5 4. Nf3 Nc6 5. c3 Qb6 6. Na3 Bd7 7. Nc2 h5 8. d4 Nh6
9. Bd3 Be7 10. Rb1 a5 11. dxc5 Bxc5 12. Qe2 Ng4 13. Rf1 Nh6 14. Be3 Bxe3 15.
Qxe3 Qxe3+ 16. Nxe3 Ng4 17. Ke2 Ke7 18. h3 Nxe3 19. Kxe3 b5 20. Bxb5 Nxe5 21.
Be2 Nxf3 22. Bxf3 Rab8 23. Rfc1 g6 24. b4 axb4 25. cxb4 Ra8 26. Rb2 Ra3+ 1/2-1/2

[Event "Bunratty Masters"]
[Site "Bunratty IRL"]
[Date "2011.02.27"]
[Round "5"]
[White "Kosten, Anthony C."]
[Black "Jones, Gawain C B"]
[Result "1/2-1/2"]
[WhiteTitle "GM"]
[BlackTitle "GM"]
[WhiteElo "2498"]
[BlackElo "2593"]
[Plycount "38"]
[WhiteFideId "400114"]
[BlackFideId "409561"]
[EventDate "2011.03.25"]
[Source "TWIC 856"]

1. c4 e5 2. g3 c6 3. d4 Bb4+ 4. Bd2 Bxd2+ 5. Qxd2 d6 6. Nc3 Nf6 7. Bg2 O-O 8. e3
Be6 9. Rd1 Na6 10. b3 exd4 11. Qxd4 Nb4 12. Qd2 Bf5 13. e4 Re8 14. Nge2 Nxe4 15.
Nxe4 Bxe4 16. Bxe4 Rxe4 17. Qxb4 Qe7 18. Rd2 Re8 19. O-O c5 1/2-1/2

[Event "Bunratty Masters"]
[Site "Bunratty IRL"]
[Date "2011.02.27"]
[Round "5"]
[White "Cafolla, Peter"]
[Black "Williams, Simon K"]
[Result "0-1"]
[BlackTitle "GM"]
[WhiteElo "2060"]
[BlackElo "2513"]
[Plycount "68"]
[WhiteFideId "2500884"]
[BlackFideId "404454"]
[EventDate "2011.03.25"]
[Source "TWIC 856"]

1. e4 c5 2. Nc3 g5 3. Bc4 Bg7 4. d3 e6 5. Nge2 a6 6. a4 Nc6 7. f4 gxf4 8. Bxf4
Qh4+ 9. Bg3 Qg5 10. Qd2 Qe7 11. Bf4 Ne5 12. Bxe5 Bxe5 13. O-O-O b5 14. axb5 axb5
15. Bxb5 Ra1+ 16. Nb1 Bg7 17. e5 Bxe5 18. c3 Nf6 19. g3 c4 20. Bxc4 Qc5 21. b4
Qa7 22. Rhf1 d5 23. Bb3 Ng4 24. d4 Bg7 25. h3 Bh6 26. Nf4 Nf6 27. Qe2 Ne4 28.
Rf3 Nxg3 29. Qe5 f6 30. Qxf6 Qa3+ 31. Kc2 Ra2+ 32. Bxa2 Qxa2+ 33. Kd3 Ba6+ 34.
c4 Bxc4+ 0-1